|
|
|
|
| LEADER |
00715nam a22001932a 4500 |
| 001 |
000468620 |
| 003 |
CZ BrMZK |
| 005 |
20011025144301.0 |
| 008 |
010825s1976 xr f cze d |
| 015 |
|
|
|a cnb000472459
|z cnb000877825
|
| 035 |
|
|
|a (OCoLC)42111309
|
| 040 |
|
|
|a BOA001
|b cze
|c BOA002
|
| 100 |
1 |
|
|a Makarius, Jan,
|d 1913-1981
|7 jk01073141
|4 aut
|
| 245 |
1 |
0 |
|a Ostrov stříbrných holubic :
|b indiánská pohádka o 3 dějstvích /
|c Jan Makarius ; scénickou hudbu napsal Jan Kaláb
|
| 260 |
|
|
|a Praha :
|b Divadelní a literární agentura,
|c 1976
|
| 300 |
|
|
|a 44 s.
|
| 910 |
|
|
|a BOA001
|b PK-N-0017.683
|
| 990 |
|
|
|a BK
|
| 996 |
7 |
|
|b 3119834455
|c PK-N-0017.683
|l MZK
|r Sklad / do 1 hodiny
|n 1
|w 000468620
|u 000010
|a 1
|e BOA001
|j MZK50
|s A
|